Human-Inspired Computing and Its Applications : 13th Mexican International Conference on Artificial Intelligence, MICAI 2014, Tuxtla Gutiérrez, Mexico, November 16-22, 2014 : Proceedings, Part I /

Obra en dos volúmenes que constituye una selección de ponencias de la décima tercera Conferencia Internacional Mexicana sobre Inteligencia Artificial, celebrada en Tuxtla, Gutiérrez, México, en noviembre de 2014. Este primer volumen trata sobre los avances en la computación inspirada en humanos y su...

Descripció completa

Guardat en:
Dades bibliogràfiques
Autor corporatiu: Mexican International Conference on Artificial Intelligence ( Tuxtla Gutiérrez, México)
Altres autors: Gelbukh, Alexander (edición) (edición), Espinoza, Félix Castro (edición) (edición), Galicia-Haro, Sofía N. (edición) (edición)
Format: Actes de congresos Llibre
Idioma:anglès
Publicat: Cham, Suiza : Springer, 2014, c2014
Col·lecció:(Lecture Notes in Computer Science ; Lecture Notes in Artificial Intelligence) 8856.
Matèries:
Accés en línia:Ver documento en línea
Etiquetes: Afegir etiqueta
Sense etiquetes, Sigues el primer a etiquetar aquest registre!

MARC

LEADER 00000nam^a2200000^a^4500
001 000557640
005 20251023000000.0
009 20260526152711.93
020 |a 978-3-319-13647-9 
037 |a Acervo ITESO - Biblioteca 
041 |a ING 
082 |a Libro en línea 
111 |a Mexican International Conference on Artificial Intelligence (  |n 13a :  |d 2014 :  |c Tuxtla Gutiérrez, México) 
240 1 1 |a [Mexican International Conference on Artificial Intelligence 2014] 
240 1 1 |a [MICAI 2014] 
245 1 0 |a Human-Inspired Computing and Its Applications :  |b 13th Mexican International Conference on Artificial Intelligence, MICAI 2014, Tuxtla Gutiérrez, Mexico, November 16-22, 2014 : Proceedings, Part I /  |c Ed. de A. Gelbukh, F. Castro Espinoza, S.N. Galicia-Haro. 
264 4 |a Cham, Suiza :  |b Springer,  |c 2014, c2014 
264 2 |a Cham, Suiza :  |b Springer Link [distribución],  |c 2014 
300 |a 1 libro electrónico en línea (XXX, 508 p.) 
300 |a 1 recurso en línea 
336 |a datos para computadora  |b cod  |2 rdacontenido 
337 |a computadora  |b c  |2 rdamedio 
338 |a recurso en línea  |b cr  |2 rdasoporte 
440 1 |a (Lecture Notes in Computer Science ;  |v 8856.  |p Lecture Notes in Artificial Intelligence) 
506 0 |a Licencias ilimitadas 
520 |a Obra en dos volúmenes que constituye una selección de ponencias de la décima tercera Conferencia Internacional Mexicana sobre Inteligencia Artificial, celebrada en Tuxtla, Gutiérrez, México, en noviembre de 2014. Este primer volumen trata sobre los avances en la computación inspirada en humanos y sus aplicaciones; los artículos están estructurados en siete secciones temáticas: procesamiento de lenguaje natural, aplicaciones de procesamiento de lenguaje natural, minería de opinión, análisis de sentimiento y aplicaciones de redes sociales, visión artificial, procesamiento de imágenes, lógica, razonamiento, sistemas multiagente y sistemas de tutoría inteligente. 
649 |a XX 
650 |a Algoritmos Genéticos 
650 |a Agentes Inteligentes (Software) 
650 |a Aprendizaje Automático (Inteligencia Artificial) 
650 |a Reconocimiento de Patrones 
650 |a Cómputo Evolutivo 
650 |a Minería de Datos 
650 |a Sistemas Expertos 
650 |a Visión por Computadora 
650 |a Interacción Hombre-Máquina 
650 |a Inteligencia Artificial -  |x Congresos -  |x Tema Principal 
650 |a Inteligencia Artificial -  |x Tema Principal 
650 |a Ingeniería Computacional 
700 |a Gelbukh, Alexander  |e (edición) 
700 |a Espinoza, Félix Castro  |e (edición) 
700 |a Galicia-Haro, Sofía N.  |e (edición) 
856 4 0 |u https://link-springer-com.ezproxy.iteso.mx/10.1007/978-3-319-13647-9  |y Ver documento en línea 
910 |a Fondo General 
920 |a Electrónicos - Libros en Línea 
930 |a Plataforma Digital 
905 |a 205 
901 |a 557640-1  |b IT2  |c EBO  |i C  |u 20250521 
902 |a https://opac.biblio.iteso.mx/vufind/Record/000557640